| 000 | 00470nam a22001697a 4500 | ||
|---|---|---|---|
| 005 | 20251108163348.0 | ||
| 008 | 250721s1986 xx 000 0 ara d | ||
| 082 | 1 | 4 | _a174/مصر |
| 100 | 1 | _aالمصري، محمد عبد الغني | |
| 245 | 1 | 0 | _aأخلاقيات المهنة / |
| 264 | 1 |
_aعمان : _bمكتبة الرسالة الحديثة، _c1986. |
|
| 300 | _a381ص | ||
| 650 | 1 | 7 | _aالأخلاق |
| 650 | 1 | 7 | _aالمهن |
| 942 |
_2ddc _cBK |
||
| 999 |
_c772 _d772 |
||